000 00648nas a2200241 i 4500
001 2267
003 ES-MaACL
005 20250809062535.0
007 t|
008 950801d18801904it | | 1 ||ta d
022 _a1723-8404
080 _a93/99
245 0 0 _aStudi e documenti di storia e diritto.
260 _aRoma :
_bTip. della Pace,
_c1880-1904 (
_fPoliglotta)
300 _a20 v. ;
_c31 cm.
310 _aAnual
362 0 _aAño I (1880)-(1904)
650 1 7 _aDerecho
_2embne
_911602
650 1 7 _aHistoria
_2embne
_9179933
852 _aES-MaACL
_jHem-426
866 0 _o1880-83,1885-88,1890,1892-94,1896-1903.
999 _c2267
_d2267